000 00366nam a2200157Ia 4500
005 20221116123343.0
008 131103s9999 xx 000 0 und d
040 _aLoreto College
041 _aEnglish
082 _a821.7
_bKEA-BLU
100 _aBlunden,Edwund
245 _aJohn Keats
_cEdmund Blunden
260 _aLondon
_bLong
850 _aLCLIB
942 _cBK
999 _c5816
_d56295